Journal article Open Access

Conference report: Networks of Manuscripts, Networks of Texts. Amsterdam (online), 21–23 October 2020

Fernández Riva, Gustavo


MARC21 XML Export

<?xml version='1.0' encoding='UTF-8'?>
<record xmlns="http://www.loc.gov/MARC21/slim">
  <leader>00000nam##2200000uu#4500</leader>
  <datafield tag="542" ind1=" " ind2=" ">
    <subfield code="l">open</subfield>
  </datafield>
  <datafield tag="540" ind1=" " ind2=" ">
    <subfield code="u">https://creativecommons.org/licenses/by/4.0/legalcode</subfield>
    <subfield code="a">Creative Commons Attribution 4.0 International</subfield>
  </datafield>
  <datafield tag="980" ind1=" " ind2=" ">
    <subfield code="a">publication</subfield>
    <subfield code="b">article</subfield>
  </datafield>
  <datafield tag="520" ind1=" " ind2=" ">
    <subfield code="a">&lt;p&gt;Conference report:&lt;/p&gt;

&lt;p&gt;Networks of Manuscripts, Networks of Texts. Amsterdam (online), 21&amp;ndash;23 October 2020&lt;/p&gt;</subfield>
  </datafield>
  <controlfield tag="005">20240227113703.0</controlfield>
  <datafield tag="024" ind1=" " ind2=" ">
    <subfield code="a">10.25592/uhhfdm.9885</subfield>
    <subfield code="2">doi</subfield>
  </datafield>
  <datafield tag="909" ind1="C" ind2="4">
    <subfield code="c">247-251</subfield>
    <subfield code="v">7</subfield>
    <subfield code="p">Comparative Oriental Manuscript Studies Bulletin</subfield>
  </datafield>
  <datafield tag="260" ind1=" " ind2=" ">
    <subfield code="c">2021-12-01</subfield>
  </datafield>
  <controlfield tag="001">9885</controlfield>
  <datafield tag="650" ind1="1" ind2="7">
    <subfield code="a">cc-by</subfield>
    <subfield code="2">opendefinition.org</subfield>
  </datafield>
  <datafield tag="909" ind1="C" ind2="O">
    <subfield code="o">oai:fdr.uni-hamburg.de:9885</subfield>
    <subfield code="p">user-uhh</subfield>
  </datafield>
  <datafield tag="245" ind1=" " ind2=" ">
    <subfield code="a">Conference report: Networks of Manuscripts, Networks of Texts. Amsterdam (online), 21–23 October 2020</subfield>
  </datafield>
  <datafield tag="773" ind1=" " ind2=" ">
    <subfield code="a">10.25592/uhhfdm.9884</subfield>
    <subfield code="i">isVersionOf</subfield>
    <subfield code="n">doi</subfield>
  </datafield>
  <datafield tag="856" ind1="4" ind2=" ">
    <subfield code="s">298227</subfield>
    <subfield code="u">https://www.fdr.uni-hamburg.de/record/9885/files/comst-bulletin-7-247-251.pdf</subfield>
    <subfield code="z">md5:0b053c7f069fd8b27a95b14b31a048c1</subfield>
  </datafield>
  <datafield tag="653" ind1=" " ind2=" ">
    <subfield code="a">Manuscript studies</subfield>
  </datafield>
  <datafield tag="653" ind1=" " ind2=" ">
    <subfield code="a">Conference report</subfield>
  </datafield>
  <datafield tag="100" ind1=" " ind2=" ">
    <subfield code="a">Fernández Riva, Gustavo</subfield>
  </datafield>
  <datafield tag="980" ind1=" " ind2=" ">
    <subfield code="a">user-uhh</subfield>
  </datafield>
</record>

Cite record as